A Text Book of Engineering Metrology (Record no. 344137)
[ view plain ]
| 000 -LEADER | |
|---|---|
| fixed length control field | 00357 a2200145 4500 |
| 082 ## - DEWEY DECIMAL CLASSIFICATION NUMBER | |
| Classification number | 602.7 |
| 090 ## - LOCALLY ASSIGNED LC-TYPE CALL NUMBER (OCLC); LOCAL CALL NUMBER (RLIN) | |
| -- | 1621 |
| -- | 1621 |
| 100 ## - MAIN ENTRY--PERSONAL NAME | |
| Personal name | Gupta,I.C. |
| 245 ## - TITLE STATEMENT | |
| Title | A Text Book of Engineering Metrology |
| Statement of responsibility, etc. | I.C.Gupta |
| 250 ## - EDITION STATEMENT | |
| Edition statement | 4th edition |
| 260 ## - PUBLICATION, DISTRIBUTION, ETC. | |
| Place of publication, distribution, etc. | Delhi |
| Name of publisher, distributor, etc. | Dhanpat Rai & Sons |
| Date of publication, distribution, etc. | 1994 |
| 300 ## - PHYSICAL DESCRIPTION | |
| Extent | 915p |
| 500 ## - GENERAL NOTE | |
| General note | Paper cover |
| 942 ## - ADDED ENTRY ELEMENTS (KOHA) | |
| Institution code [OBSOLETE] | NBS |
| Koha item type | Book |
| Call number prefix | 602.7 GUP |
| Withdrawn status | Lost status | Damaged status | Not for loan | Permanent Location | Current Location | Date acquired | Total Checkouts | Full call number | Barcode | Date last seen | Price effective from | Koha item type |
|---|---|---|---|---|---|---|---|---|---|---|---|---|
| Central Library (CL) | Central Library (CL) | 08/28/2013 | 602.7 GUP | NBS3020 | 08/28/2013 | 08/28/2013 | Book |
